[Event "Brasschaat op 03rd"]
[Site "Brasschaat"]
[Date "2003.08.??"]
[Round "1"]
[White "Schrickx, Frank"]
[Black "Soetewey, Jos"]
[Result "1-0"]
[WhiteElo "2010"]
[BlackElo "1545"]
[PlyCount "33"]
[EventDate "2003.08.24"]
[EventType "swiss"]
[EventRounds "9"]
[EventCountry "BEL"]
[SourceTitle "EXT 2017"]
[Source "ChessBase"]
[SourceDate "2016.10.25"]
[SourceVersion "1"]
[SourceVersionDate "2016.10.25"]
[SourceQuality "1"]

1. e4 c6 2. Nf3 d5 3. Nc3 dxe4 4. Nxe4 Nd7 5. Bc4 Ngf6 6. Neg5 e6 7. Qe2 Nb6 8. Nxf7 Kxf7 9. Bxe6+ Bxe6 10. Ng5+ Kg6 11. Nxe6 Qe8 12. 0-0 Kf7 13. Ng5+ Kg6 14. Qd3+ Kxg5 15. h4+ Kh6 16. Qf5 Qg6 17. d3+ 1-0

[Event "Brasschaat op 01st"]
[Site "Brasschaat"]
[Date "2001.08.24"]
[Round "6"]
[White "Krukowski, Meir"]
[Black "Soetewey, Jos"]
[Result "1-0"]
[WhiteElo "1878"]
[BlackElo "1486"]
[PlyCount "59"]
[EventDate "2001.08.19"]
[EventType "swiss"]
[EventRounds "7"]
[EventCountry "BEL"]
[SourceTitle "EXT 2017"]
[Source "ChessBase"]
[SourceDate "2016.10.25"]
[SourceVersion "1"]
[SourceVersionDate "2016.10.25"]
[SourceQuality "1"]

1. e4 c6 2. d4 d5 3. f3 dxe4 4. fxe4 Nf6 5. e5 Nd5 6. Bd3 e6 7. Nf3 Be7 8. c4 Nb4 9. Be4 0-0 10. a3 N4a6 11. Nc3 Nd7 12. Qc2 g6 13. Bh6 Re8 14. h4 Nf8 15. 0-0-0 f5 16. exf6 Bxf6 17. Ne5 Bxe5 18. dxe5 Qe7 19. Bg5 Qg7 20. Bf6 Qh6+ 21. Bg5 Qg7 22. Bf6 Qh6+ 23. Kb1 Nc5 24. g4 Nxe4 25. Nxe4 Nd7 26. h5 Nf8 27. g5 Qg7 28. Bxg7 Kxg7 29. h6+ Kh8 30. Qf2 1-0

[Event "Brasschaat op 01st"]
[Site "Brasschaat"]
[Date "2001.08.23"]
[Round "5"]
[White "Soetewey, Jos"]
[Black "Thys, Marie Jeanne"]
[Result "1/2-1/2"]
[WhiteElo "1486"]
[BlackElo "1297"]
[PlyCount "36"]
[EventDate "2001.08.19"]
[EventType "swiss"]
[EventRounds "7"]
[EventCountry "BEL"]
[SourceTitle "EXT 2017"]
[Source "ChessBase"]
[SourceDate "2016.10.25"]
[SourceVersion "1"]
[SourceVersionDate "2016.10.25"]
[SourceQuality "1"]

1. d4 Nf6 2. Nf3 b6 3. Bg5 Bb7 4. Nbd2 h6 5. Bxf6 gxf6 6. e4 Bg7 7. c3 e5 8. Bc4 d5 9. exd5 Bxd5 10. Qb3 c6 11. 0-0 0-0 12. Bxd5 cxd5 13. Rfe1 Nc6 14. Qc2 Qc7 15. Rad1 b5 16. Qb3 e4 17. Nh4 Qf4 18. Qxd5 Ne7 1/2-1/2